| 000 | 00440nam a2200133 a 4500 | ||
|---|---|---|---|
| 001 | 000028049 | ||
| 005 | 20200930031316.0 | ||
| 008 | 110406s1936 dr 000 0 spa d | ||
| 040 |
_aDO-SdBNP _bspa _cBNPHU |
||
| 245 | 0 | 0 | _abases y reglamentos de la sociedad dominicana de estudios e investigaciones históricas /. |
| 260 |
_aCiudad Trujillo, República Dominicana : _bEditorial Caribes, _c1936. |
||
| 300 |
_a15 p. ; _c22 cm. |
||
| 049 | _aBNPD | ||
| 999 |
_c27541 _d27541 |
||